Memòria aprovada en l'acte de constitució del Consell Superior, celebrat el dia 29 de gener de 1934. Text del decret del Govern de la Generalitat de Catalunya de 10 de Juny del 1933 que declara Corporació Oficial el Patronat de Turisme de Catalunya

per Patronat de Turisme de Catalunya

Publicat: [s.l., Barcelona ? : s.n.] , 1934
Descripció física: [9] p. ; 25 cm

MARC

LEADER 00000nam a2200000Ia 4500
001 12369
003 AGDB
005 20260410113713.0
008 160829s1934 xx 000 0 cat d
040 |a agdb  |b cat 
080 |a RF-8-30 
100 |a Patronat de Turisme de Catalunya  |9 46835 
245 |a Memòria aprovada en l'acte de constitució del Consell Superior, celebrat el dia 29 de gener de 1934. Text del decret del Govern de la Generalitat de Catalunya de 10 de Juny del 1933 que declara Corporació Oficial el Patronat de Turisme de Catalunya 
260 |a [s.l., Barcelona ? :  |b s.n.],  |c 1934 
300 |a [9] p. ;  |c 25 cm 
590 |a Prové de OP-5135 
650 |a Patronat de Turisme de Catalunya  |9 46835 
856 4 |u https://media.diba.cat/diba/fitxers/arxiu/fulletons/bib_12369_1934_baixa.pdf  |y Accés lliure 
856 4 |u https://media.diba.cat/diba/fitxers/arxiu/fulletons/bib_12369_1934_baixa.pdf  |y Accés lliure 
856 4 0 |u https://www.diba.cat/documents/94831/401503169/bib_12369_1934_baixa.pdf/e9d70e9d-c993-9ee6-b083-99714fc45bb5?t=1702285938763  |y Accés lliure 
900 |a bib_12369_1934_baixa.pdf 
901 |a Arxiu 
942 |n 1  |2 udc  |c ARXIU 
952 |0 0  |1 0  |4 0  |6 RF830  |7 1  |9 53479  |a Arxiu  |b Arxiu  |d 2016-12-01  |l 0  |o RF-8-30  |p 12369  |r 2016-12-01 00:00:00  |w 2016-12-01  |y ARXIU 
999 |c 57345  |d 57345